000 00668nam a2200241 i 4500
001 C2-0305968
003 PPAK
005 20180728091416.0
008 100907s2008 my |||| ||||| | ara d
040 _aPPAK
_beng
_cPPAK
_erda
082 0 4 _a297.122
_223
090 0 0 _a297.122
_bALM
_dR
245 0 0 _aAl-Muqaddam dengan Rasm Uthmani
264 1 _aKuala Lumpur :
_bAl-Tasneem ,
_c2008
300 _a38 pages ;
_c25 cm
336 _2rdacontent
_atext
337 _2rdamedia
_aunmediated
338 _2rdacarrier
_avolume
490 1 _aPakej Pembelajaran Al-Muqaddam
650 1 0 _aKoran hermeneutics
830 0 _aPakej Pembelajaran Al-Muqaddam
942 _ddc
_cB
999 _c108947
_d108947